Sitges : Festa Major : 23-26 agost 1979 Festa Major :
Descripción Física:
[24] p. : il. ; 26 cm
Materias:
Festes majors -- Programes -- Sitges
MARC
| LEADER | 00000nam a2200000Ia 4500 | ||
|---|---|---|---|
| 001 | 22076 | ||
| 008 | 160829s1979 xx 000 0 cat d | ||
| 080 | |a FU-49-61 | ||
| 245 | |a Sitges : |b Festa Major : |b 23-26 agost 1979 | ||
| 260 | |a Sitges : |b Gràfiques Puig, |c 1979 | ||
| 300 | |a [24] p. : |b il. ; |c 26 cm | ||
| 590 | |a Prové de S-515, exp. 244 | ||
| 650 | |a Festes majors |x Programes |x Sitges |9 47064 | ||
| 901 | |a Arxiu | ||
| 942 | |n 1 | ||
| 952 | |0 0 |1 0 |4 0 |6 FU4961 |7 1 |9 53637 |a Arxiu |b Arxiu |d 2016-12-01 |l 0 |o FU-49-61 |p 22076 |r 2016-12-01 00:00:00 |w 2016-12-01 |y ARXIU | ||
| 999 | |c 57503 |d 57503 | ||